| 000 | 00620nam a2200205 a 4500 | ||
|---|---|---|---|
| 001 | 80272 | ||
| 003 | BD-RjUL | ||
| 005 | 20220831130045.0 | ||
| 008 | 220831s2022 bg ||||| |||| 00| 0 ben d | ||
| 020 | _a9789848967135 | ||
| 035 | _a(BD-RjUL)80272 | ||
| 040 |
_aBD-RjUL _beng _cBD-RjUL |
||
| 041 | _aben | ||
| 082 |
_223 _a891.443 _bRAL 2022 |
||
| 100 |
_aরতন, মোজাম্মেল হোসেন _94577 |
||
| 245 |
_aলাল গহনা / _cমোজাম্মেল হোসেন রতন |
||
| 650 | _aবাংলা উপন্যাস | ||
| 650 |
_aBengali novel _94578 |
||
| 942 |
_2ddc _cBK |
||
| 999 |
_c80272 _d80272 |
||